• 首页
  • 本馆介绍
  • 公告通知
  • 最新文献
  • 馆藏检索
  • 电子资源
  • 读者导购
  • 参考咨询
  • 我的图书馆
  • 登录
  • 详细信息显示
  • 放入我的书架
  • 预约/预借图书
  • 作者相关作品
  • 分类相关作品
  • 丛书相关作品
  • 出版社相关作品

书目信息

  • 表格格式
  • 工作单格式
  • 卡片格式
题名:
数字电路解题技巧50法及题解300例
    
 
作者: 龙忠琪 编著
分册:  
出版信息: 北京   科学出版社  2002
页数: 233页
开本: 24cm
丛书名:
单 册:
中图分类: TN79-44
科图分类:
主题词: 数字电路--习题--高等学校
电子资源:
ISBN: 7-03-009779-3
000 00817nam0 2200217 45
001 012002034167
005 20050913082428.54
010    @a7-03-009779-3@dCNY20.00
100    @a20020418d2002 em y0chiy0110 ea
101 0  @achi
102    @aCN@b110000
105    @ay q 000yy
200 1  @a数字电路解题技巧50法及题解300例@Ashu zi dian lu jie ti ji qiao 50 fa ji ti jie 300 li@f龙忠琪等编著@FLong Zhong Qi Deng Bian Zhu
210    @a北京@c科学出版社@d2002
215    @a233页@d24cm
330    @a本书介绍了50种解题技巧和解题方法,并收集和整理了数字电路典型题解300例,每种方法都附有一个或多个解题实例,解题过程详尽,方法多变,有利于学生全面系统地掌握所学知识。
606 0  @a数字电路@x习题@x高等学校
690    @aTN79-44@v4
701  0 @a龙忠琪@4编著
801  0 @aCN@bNLC@c20050913
905    @f5@b347531-535@dTN79-44@e33
    
    数字电路解题技巧50法及题解300例/龙忠琪等编著.-北京:科学出版社,2002
    233页;24cm
    
    
    ISBN 7-03-009779-3:CNY20.00
    本书介绍了50种解题技巧和解题方法,并收集和整理了数字电路典型题解300例,每种方法都附有一个或多个解题实例,解题过程详尽,方法多变,有利于学生全面系统地掌握所学知识。
●
相关链接 在E读中查询图书 在五车中查询图书 在当当中查询图书 在豆瓣中查询图书


正题名:数字电路解题技巧50法及题解300例     索取号:TN79-44/33         预约/预借

序号 登录号 条形码 馆藏地/架位号 状态 备注
1 0347531   203475319   第二样本阅览室/ [索取号:TN79-44/33] 在馆    
2 0347532   203475328   第三借阅区/ [索取号:TN79-44/33] 在馆    
3 0347533   203475337   第三借阅区/ [索取号:TN79-44/33] 在馆    
4 0347534   203475346   第三借阅区/ [索取号:TN79-44/33] 在馆    
5 0347535   203475355   第三借阅区/ [索取号:TN79-44/33] 在馆    
6 0361032   3610328   第三借阅区/ [索取号:TN79-44/33] 在馆    
7 0361033   3610337   第三借阅区/ [索取号:TN79-44/33] 在馆    
8 0361034   3610346   第三借阅区/ [索取号:TN79-44/33] 在馆    
9 0361035   3610355   第三借阅区/ [索取号:TN79-44/33] 在馆    
10 0361036   3610364   第三借阅区/ [索取号:TN79-44/33] 在馆    
唐山师范学院图书馆 欢迎您!
大连网信软件有限公司© 版权所有